00234nam a22001097a 4500003000400000005001700004008004100021040001400062100002000076245002000096300000800116OSt20230610050339.0230610b |||||||| |||| 00| 0 eng d csero soft aDabas Dr. Sunil aHealth and Yoga a220